Arquitecturas, 1983-1987 (Record no. 26517)

MARC details
000 -LEADER
campo de control de longitud fija 01051nam a2200265 i 4500
001 - NÚMERO DE CONTROL
campo de control 26517
003 - IDENTIFICADOR DE NÚMERO DE CONTROL
campo de control ES-MaACL
005 - FECHA Y HORA DE LA ÚLTIMA TRANSACCIÓN
campo de control 20230906153444.0
007 - CAMPO FIJO DE DESCRIPCIÓN FÍSICA--INFORMACIÓN GENERAL
campo de control de longitud fija t|
008 - DATOS DE LONGITUD FIJA--INFORMACIÓN GENERAL
campo de control de longitud fija 030109s1987 sp a |||| | spa d
020 ## - NÚMERO INTERNACIONAL ESTÁNDAR DEL LIBRO
Número Internacional Estándar del Libro 84-505-5668-6
080 ## - NÚMERO DE LA CLASIFICACIÓN DECIMAL UNIVERSAL
Número de la Clasificación Decimal Universal 721.011.1(464.1)(064.3)
245 00 - MENCIÓN DEL TÍTULO
Título Arquitecturas, 1983-1987
Resto del título : exposición /
Mención de responsabilidad, etc. [coordinación, Ramón Valls Navascués ; dirección, Javier Aguilera Rojas].
260 ## - PUBLICACIÓN, DISTRIBUCIÓN, ETC.
Lugar de publicación, distribución, etc. Madrid :
Nombre del editor, distribuidor, etc. Consejería de Ordenación del Territorio, Medio Ambiente y Vivienda,
Fecha de publicación, distribución, etc. [1987]
300 ## - DESCRIPCIÓN FÍSICA
Extensión 415 p. :
Otras características físicas il. col. ;
Dimensiones 32 cm.
500 ## - NOTA GENERAL
Nota general Índice.
650 #4 - PUNTO DE ACCESO ADICIONAL DE MATERIA--TÉRMINO DE MATERIA
Término de materia o nombre geográfico como elemento de entrada Edificios-
Subdivisión general Rehabilitación-
Subdivisión geográfica Madrid (Comunidad Autónoma)-
Subdivisión de forma Exposiciones.
9 (RLIN) 148121
655 #7 - TERMINO DE INDIZACIÓN--GENERO/FORMA
Fuente del término tgfbne
9 (RLIN) 193628
Datos o término principal de género/forma Catálogos de exposiciones
700 1# - ENTRADA AGREGADA--NOMBRE PERSONAL
Nombre de persona Valls Navascués, Ramón.
9 (RLIN) 112947
700 1# - ENTRADA AGREGADA--NOMBRE PERSONAL
Nombre de persona Aguilera Rojas, Javier.
9 (RLIN) 18780
710 1# - ENTRADA AGREGADA--NOMBRE DE ENTIDAD CORPORATIVA
Nombre de entidad corporativa o nombre de jurisdicción como elemento de entrada Madrid (Comunidad Autónoma).
Unidad subordinada Consejería de Ordenación del Territorio, Medio Ambiente y Vivienda.
9 (RLIN) 5605
852 ## - LOCALIZACIÓN
Ubicación ES-MaACL
Número de control de estantería B-461
942 ## - ELEMENTOS DE ENTRADA SECUNDARIOS (KOHA)
Fuente del sistema de clasificación o colocación Clasificación decimal universal
Holdings
Estatus retirado Estado de pérdida Estado de daño No para préstamo Biblioteca de origen Biblioteca actual Ubicación en estantería Fecha de adquisición Fuente de adquisición Total de préstamos Signatura topográfica completa Código de barras Visto por última vez Precio de reemplazo Tipo de ítem Koha
        Biblioteca del Ateneo de Madrid Biblioteca del Ateneo de Madrid Sala Pardo Bazán 17/01/2008     B-461 1027368 23/02/2023 23/02/2023 Libro impreso